Television Quiz / Justice League Villains (Slideshow)

Random Television or TV Show Quiz

Results

Quiz not verified by Sporcle

Challenge
Share
Tweet
Score 0/40 Timer 10:00
1 Play Today
% Correct
The Joker
99.1%
Lex Luthor
85.8%
Sinestro
76.8%
Darkseid
75%
Solomon Grundy
74.2%
Gorilla Grodd
73.4%
Clayface
72.1%
Brainiac
71.4%
Bizarro
68.8%
Deadshot
62.9%
Harley Quinn
62.8%
Doomsday
62%
Giganta
61.8%
Killer Frost
60.9%
Cheetah
52.9%
Copperhead
52.6%
Metallo
49.5%
Parasite
47%
Vandal Savage
46.4%
Mirror Master
44.8%
% Correct
Shade
41.2%
Atomic Skull
38.9%
Trickster
38.4%
Felix Faust
38.3%
Silver Banshee
38.3%
Toyman
38.2%
Ultra Humanite
38.2%
Star Sapphire
37.2%
Livewire
35.8%
Justice Lords
34.9%
Despero
31.7%
Kalibak
31.5%
Mongul
31%
Circe
28.8%
Dr. Destiny
24.9%
Chronos
22.3%
Roulette
21.1%
Volcana
19.7%
Tala
18.4%
Rampage
13.5%
 
Number % Answered
40 (all)
3.9%
35-39
11.1%
30-34
12%
25-29
10.5%
20-24
10.5%
15-19
10.8%
10-14
12.2%
5-9
14.1%
1-4
15%

You're not logged in!

Compare scores with friends on all Sporcle quizzes.
Sign Up with Email
OR
Log In

You Might Also Like...

Show Comments

Extras


Your Account Isn't Verified!

In order to create a playlist on Sporcle, you need to verify the email address you used during registration. Go to your Sporcle Settings to finish the process.